000 00623nam a2200241Ia 4500
003 OSt
005 20221007101412.0
006 a|||||r|||| 00| 0
007 ta
008 221006b |||||||| |||| 00| 0 eng d
024 _a6,389
037 _cTextual
040 _aLCO
_cLCO
_beng
041 _2eng
_aeng
082 _aX8(A):Z,81, J9
100 _aKher V.B.
245 0 _aSupreme Court Digest of Labour Law Cases
260 _aBombay
_bThackor & Company Limited India
_c1959
300 _a259
650 _aLABOUR
942 _hX8(A):Z,81, J9
_cTEXL
999 _c1175952
_d1175952